000 00412nam a22001697a 4500
005 20160614103324.0
008 160614b xxu||||| |||| 00| 0 eng d
020 _a81-219-0628-8
041 _aeng
082 _b7333
100 _aKhurmi, R.S & Gupta, J.K.
_9870
245 _aMechanical Engineering
260 _aNew Delhi
_bSultan Chand & Sons,
300 _a798
650 _aManagement
_9241
942 _cBK
999 _c2588
_d2587